000 01423nam a2200277Ia 4500
999 _c56242
_d56242
001 23344
003 GE_BSU
005 20260114204933.0
008 181216s1963||||ge |||||||||||||| ||geo||
040 _cGE_BSU
041 _ageo
080 _a94(3)+ 72(3) ნ-44
100 _aნეიჰარდტი, ალექსანდრა
_921336
245 _aქვეყნიერების შვიდი საოცრება :
_b საკითხავი წიგნი V კლასისათვის /
_cალექსანდრე ნეიჰარდი, ირინე შიშოვა ; მთარგმ.: შ. ბუაჩიძე.
264 _aთბილისი :
_bცოდნა,
_c1963.
300 _a114 გვ.:
_bილ;
_c21 სმ.
653 _aარქიტექტურა
653 _aისტორია
653 _aქვეყნიერების შვიდი საოცრება
653 _a საკითხავი წიგნი V კლასისათვის
653 _aძველი მსოფლიოს ისტორია
653 _aძველი მსოფლიოს არქიტექტურული ძეგლები
700 _aშიშოვა, ირინე
_921337
700 _aბუაჩიძე, შ.
_eმთარგმნელი
_921338
942 _cBK
_2udc